00530pab a2200157 454500008003600000100001600036245005300052362002100105650002700126650004000153650003300193773004300226909001000269999001700279952007600296180718b xxu||||| |||| 00| 0 eng d aManohar Lal aTribal women workers in India and their problems a(3) 90, p 93-104 a Tribal Women -- India a Tribes and Tribal Systems -- India aWomen -- Employment -- India aJournal of Social and Economic Studies a25302 c25302d25302 00104070aIIPAbIIPAd2018-07-19pAR25374r2018-07-19w2018-07-19yAR